Redwall Books Quiz Stats

 Plays Quiz Updated Mar 10, 2020

Support Sporcle.
Go Orange.
Score 0/22 Timer 05:00
1 Play Today
Publication Order Book % Correct
1Redwall
97.7%
6Martin the Warrior
69.4%
2Mossflower
64.8%
3Mattimeo
62%
5Salamandastron
58.9%
9Pearls of Lutra
52.8%
10The Long Patrol
51.1%
11Marlfox
48.3%
12The Legend of Luke
47.8%
7The Bellmaker
46.9%
4Mariel of Redwall
46.7%
Publication Order Book % Correct
13Lord Brocktree
45.1%
8The Outcast of Redwall
44.2%
14Taggerung
42.5%
15Triss
38%
16Loamhedge
33.1%
19Eulalia!
28.3%
17Rakkety Tam
27.5%
18High Rhulain
21.8%
20Doomwyte
21.1%
22The Rogue Crew
19.6%
21The Sable Quean
13.8%

From the Vault

Electoral Outliers

by Hejman

History 5m
They may be outliers in the election, but they're inliers in our hearts.
Remove Ads.
Support Sporcle.
Get the best of Sporcle when you Go Orange. This ad-free experience offers more features, more stats, and more fun while also helping to support Sporcle. Thank you for becoming a member.

Show Comments

Extras

Top Quizzes Today


Score Distribution

Your Account Isn't Verified!

In order to create a playlist on Sporcle, you need to verify the email address you used during registration. Go to your Sporcle Settings to finish the process.

Report this User

Report this user for behavior that violates our Community Guidelines.

Details: